000 00413pab a2200145 454500
008 180718b1985 xxu||||| |||| 00| 0 eng d
100 _aBhatia, A.K.
245 _aStrategy for revision of bus fares with particular reference to city services
260 _c1985
300 _a17-26
362 _aJuly
650 _aMotor Transportation - Fares - India
773 _aJr. of Transport Management
909 _a13787
999 _c13787
_d13787